Zhodnotenie pestovania kukurice v Západoslovenskom kraji

Bibliographic Details
Main Author: Algayer, Jaromír (Author)
Format: Article
Language:Slovak
PhysicalDescription:Tb. 4.
Subjects:

MARC

LEADER 00000nab a2200000 a 4500
001 vtls000151616
003 SK-MaSNL
005 20260302210329.0
008 111104c1983 xo 0 slo
015 |a SNBRB19rr/mm-uuuuu 
035 |a CL0161723 
040 |a SNKBUCL  |b slo  |c SNKBUCL  |e AACR2 
041 0 |a slo 
044 |a xo  |c SK 
080 |a 633.15  |2 1981 
100 1 |a Algayer, Jaromír  |4 aut  |9 923969 
245 1 0 |a Zhodnotenie pestovania kukurice v Západoslovenskom kraji  |c Jaromír Algayer 
300 |b Tb. 4. 
650 0 7 |a kukurica  |2 snkbucl  |9 16138 
655 7 |a články z novín a časopisov  |2 snkbucl  |9 267496 
773 0 |t Informácie MPVž SSR  |g Roč. 11, č. 4 (1983), s. 2-6 
850 |a Slovenská národná knižnica v Martine  |a MTA001 
852 |a SNK  |b KIS3GCP 
958 |a RK 
992 |a RBX 
999 |c 1482089  |d 1484019